000 00581nam a2200229Ia 4500
003 OSt
005 20221005114001.0
006 a|||||r|||| 00| 0
007 ta
008 221004b |||||||| |||| 00| 0 eng d
024 _a32190
037 _cTextual
040 _aCRL
_cCRL
_beng
041 _2eng
_aeng
082 _aMC5, G7
100 _aIngalls Albert G Editor
_9625275
245 0 _aAmateur telescope making advanced
260 _c1937
650 _aINDUSTRIAL ARTS
942 _hMC5, G7
_cTEXL
_2cc
999 _c1029944
_d1029944